Every Console A Nintendo Game Appeared In - Statistics

General Stats
  • This quiz has been taken 55 times
    44 since last reset
  • The average score is 26 of 72
Answer Stats
Year Released Console % Correct
1996 Nintendo 64
96%
1983 Nintendo Entertainment System
96%
1990 Super Nintendo Entertainment System
96%
2006 Wii
96%
1989 Gameboy
93%
2011 Nintendo 3DS
93%
2017 Nintendo Switch
93%
1998 Gameboy Color
89%
2004 Nintendo DS
89%
2012 Wii U
89%
2001 Gameboy Advance
85%
2001 GameCube
81%
1980 Game & Watch
78%
2013 Nintendo 2DS
78%
2012 Nintendo 3DS XL
70%
2019 Nintendo Switch Lite
70%
2014 New Nintendo 3DS
67%
2006 Nintendo DS Lite
63%
2021 Nintendo Switch OLED
63%
2014 New Nintendo 3DS XL
56%
2008 Nintendo DSi
56%
1995 Virtual Boy
56%
2003 Gameboy Advance SP
52%
2005 Gameboy Micro
52%
2017 New Nintendo 2DS XL
48%
1977 Atari 2600
44%
2012 Wii Mini
44%
1971 Arcade
41%
1983 Family Computer
41%
2007 iOS
41%
2008 Android
37%
1996 Gameboy Pocket
37%
1990 Super Family Computer
37%
1998 Gameboy Light
33%
1999 Nintendo 64DD
33%
1991 Philips CD-I
30%
1978 Color TV-Game 15
26%
2010 Nintendo DSi XL
22%
2001 Pokemon Mini
22%
1995 Satellaview
22%
1977 Color TV-Game 6
19%
2003 Gameboy Player
19%
2001 Panasonic Q
19%
1994 Super Gameboy
19%
1982 Atari 5200
15%
1986 Atari 7800
15%
1982 Commodore 64
15%
2003 iQue Player
15%
1986 Twin Famicom
11%
1982 Colecovision
7%
1978 Color TV-Game Racing 112
7%
1986 Family Computer Disk System
7%
1984 Amstrad CPC
4%
1977 Apple II
4%
1979 Color TV-Game Block Breaker
4%
1980 Commodore VIC-20
4%
1979 Intellivision
4%
2005 iQue DS
4%
1983 MSX
4%
1982 Nelsonic Game Watch
4%
1993 NES-101
4%
1997 SNES-101
4%
1982 ZX Spectrum
4%
1983 Atari 8 Bit Family
0%
1983 Coleco Adam
0%
1982 FM-7
0%
1981 IBM Personal Computer
0%
1984 MZ-1500
0%
1981 NEC PC-8801
0%
2002 Nintendo E-Reader
0%
1982 Sharp X1
0%
1981 TI-99/4a
0%
No matching quizzes found
Score Distribution
Percent of People with Each Score
Percentile by Number Answered
Your Score History
You have not taken this quiz since the last reset